<?xml version="1.0" encoding="UTF-8"?><?xml-stylesheet type="text/xsl" href="static/style.xsl"?><OAI-PMH xmlns="http://www.openarchives.org/OAI/2.0/" xmlns:xsi="http://www.w3.org/2001/XMLSchema-instance" xsi:schemaLocation="http://www.openarchives.org/OAI/2.0/ http://www.openarchives.org/OAI/2.0/OAI-PMH.xsd"><responseDate>2026-04-17T03:42:37Z</responseDate><request verb="GetRecord" identifier="oai:riubu.ubu.es:10259/10307" metadataPrefix="marc">https://riubu.ubu.es/oai/request</request><GetRecord><record><header><identifier>oai:riubu.ubu.es:10259/10307</identifier><datestamp>2025-03-12T12:40:26Z</datestamp><setSpec>com_10259_3822</setSpec><setSpec>com_10259_5086</setSpec><setSpec>com_10259_2604</setSpec><setSpec>col_10259_3823</setSpec></header><metadata><record xmlns="http://www.loc.gov/MARC21/slim" xmlns:doc="http://www.lyncode.com/xoai" xmlns:xsi="http://www.w3.org/2001/XMLSchema-instance" xmlns:dcterms="http://purl.org/dc/terms/" xsi:schemaLocation="http://www.loc.gov/MARC21/slim http://www.loc.gov/standards/marcxml/schema/MARC21slim.xsd">
<leader>00925njm 22002777a 4500</leader>
<datafield tag="042" ind1=" " ind2=" ">
<subfield code="a">dc</subfield>
</datafield>
<datafield tag="720" ind1=" " ind2=" ">
<subfield code="a">Bello Paredes, Santiago A.</subfield>
<subfield code="e">author</subfield>
</datafield>
<datafield tag="260" ind1=" " ind2=" ">
<subfield code="c">2021-02</subfield>
</datafield>
<datafield tag="520" ind1=" " ind2=" ">
<subfield code="a">Este estudio efectúa una introducción a los ODS contenidas en&#xd;
la Agenda 2030, efectuando una valoración en profundidad del alcance&#xd;
y efectos jurídicos de la sostenibilidad como principio general&#xd;
vertebrador de esta actuación internacional.</subfield>
</datafield>
<datafield tag="520" ind1=" " ind2=" ">
<subfield code="a">This study makes an introduction to the SDGs contained in the&#xd;
2030 Agenda, making an in-depth assessment of the scope and legal&#xd;
effects of sustainability as a general guiding principle of this&#xd;
international action.</subfield>
</datafield>
<datafield tag="024" ind2=" " ind1="8">
<subfield code="a">1012-1587</subfield>
</datafield>
<datafield tag="024" ind2=" " ind1="8">
<subfield code="a">http://hdl.handle.net/10259/10307</subfield>
</datafield>
<datafield tag="024" ind2=" " ind1="8">
<subfield code="a">2477-9385</subfield>
</datafield>
<datafield ind1=" " ind2=" " tag="653">
<subfield code="a">Agenda 2030</subfield>
</datafield>
<datafield ind1=" " ind2=" " tag="653">
<subfield code="a">Principio de sostenibilidad</subfield>
</datafield>
<datafield ind1=" " ind2=" " tag="653">
<subfield code="a">ODS</subfield>
</datafield>
<datafield ind1=" " ind2=" " tag="653">
<subfield code="a">Principle of sustainability</subfield>
</datafield>
<datafield ind1=" " ind2=" " tag="653">
<subfield code="a">SDGs</subfield>
</datafield>
<datafield tag="245" ind1="0" ind2="0">
<subfield code="a">Introducción a los ODS en la agenda 2030: el principio general de la sostenibilidad</subfield>
</datafield>
</record></metadata></record></GetRecord></OAI-PMH>